000 00313nam a2200133Ia 4500
008 150201s2007 xx 000 0 und d
082 _a615
_bF07S
100 _aSIDDIQU,ANEES A
245 _aFORENSIC PHARMACY
250 _a1ST
260 _bTARA PUB.
_aDELHI
_c2007
650 _aFORENSIC MEDICINE
942 _2ddc
_cBK
999 _c878
_d878